000 00880cab a2200205 4500
001 L135851
008 061213n2006 000 0 eng u
035 _a(Sirsi) u135851
041 0 _aeng
100 1 _aJohnston, Bryan
245 0 0 _aPlanning consultants
_bA planning survey
260 _c2006
490 0 _aPlanning (for the Natural and Built Environment)
_v(1695) 17 November 2006, 15-35 (12)
520 _aLooks at the current state of the planning market, arguing that prospects for consultants are looking healthy and that, buoyed by housing demand, the sustainability agenda and a resilient development industry, planning activity is still growing despite occasional alarm signals that the property market will cool down. Tables.
590 _aKA
650 2 4 _aRANKINGS
650 2 4 _aPLANNING CONSULTANTS
690 _aPlanning and development
_96259
942 _n0
999 _c78042
_d78042